000 02405nam0a2200385 4500
001 RU\NLR\bibl\4160
005 20260406045609.0
010 _a5-7567-0198-2
_92000
021 _aRU
_b98-2750
_9135
035 _a(NLR Aleph) 000004033
090 _a9884
_c9884
100 _a19980727d1997 |||y0rusy50 ca
101 1 _arus
_ceng
102 _aRU
105 _a|||||||||||||
200 1 _aВзаимосвязь социальной работы и социальной политики
_e[Сб. для студентов, обучающихся по спец. "Социал. работа," и для работников социал. служб ]
_fПод ред. Ш. Рамон
_gПер. с англ. А.В. Соловьева
_gНауч. ред. пер. к. психол. н. Б.Ю. Шапиро
210 _aМ.
_cАспект Пресс
_d1997
215 _a254 с.
_cил.
_d21
225 1 _aСер. "Социал. работа в меняющемся мире"
_fРед. Ш. Рамон
225 1 _aОткрытая кн. Открытое сознание. Открытое о-во
225 1 _aПрогр. "Высш. образование"
320 _aБиблиогр. в примеч.: с.233-254
461 0 _12001#$aОткрытая книга. Открытое сознание. Открытое общество
_tОткрытая книга. Открытое сознание. Открытое общество
606 0 _aСоциальная работа
_jРуководства, пособия и т.п. для высшей школы
_92037175
_3RU\NLR\auth\661223020
606 0 _aСоциальная работа
_jУчебные издания для высшей школы
_92037175
_3RU\NLR\auth\661223020
606 0 _aСоциальная политика
_jРуководства, пособия и т.п. для высшей школы
_91347566
_3RU\NLR\auth\66562469
606 0 _aСоциальная политика
_jУчебные издания для высшей школы
_91347566
_3RU\NLR\auth\66562469
686 _aС550.473я73-1
702 1 _4340
_7ca
_8rus
_aШапиро
_bБ. Ю.
_gБорис Юрьевич
_9115221
_3RU\NLR\auth\775256
702 1 _4340
_7ca
_8rus
_aРамон
_bШ.
_gШуламит
_9113937
_3RU\NLR\auth\773948
801 0 _aRU
_bNLR
_c19980727
_gPSBO
801 1 _aRU
_bNLR
_c19980727
852 _aNLR
_j98-5/607
942 _cBOOK
980 _aNB